000 00308nam a22001217a 4500
008 180425b xxu||||| |||| 00| 0 eng d
041 _aeng
080 _a043.3
100 _a0
101 _aSHKI-BTH
245 _aImplementimi i teknikave të sigurisë në rrjetet kompjuterike
_cAhmetaj,B
942 _2udc
_cBK
999 _c45526
_d45526